00545nam a22001817a 45000050016000000100027000160200026000430350027000690370023000960820006001191000018001252450039001432600044001822700062002263000025002885000040003136500010003532011072204094.0 aB-428260-264 B-453545 a9780140148121c300.00 aB-428260-264 B-453545 bAllied Publishers  aN aSidhwa, Bapsi aThe crow eaters /cby Bapsi Sidhwa aNew Delhi bPenguin Books c2001 (repr) a11 Community Centre, Panchsheel Park, bNew Delh e1100172 a391p. . c19cm(pbk)  aIncludes bibliographical references aNovel